Switzerland ad her industries : With 2 maps and 36 photos
This book introduce the facts about Switzerland and her Natinal economy. Switzerland's economic relations with world markets. What Switzerland produc. The tourist trade and ecducation.
Gardado en:
| Formato: | Libro |
|---|---|
| Idioma: | Undetermined |
| Publicado: |
Switzerland
Swiss Office for The Development of Trade Zurich and Lausanne
1948
|
| Những chủ đề: | |
| Các nhãn: |
Engadir etiqueta
Sen Etiquetas, Sexa o primeiro en etiquetar este rexistro!
|
| Thư viện lưu trữ: | Trung tâm Học liệu Trường Đại học Cần Thơ |
|---|
| LEADER | 00902nam a2200217Ia 4500 | ||
|---|---|---|---|
| 001 | CTU_229046 | ||
| 008 | 210402s9999 xx 000 0 und d | ||
| 082 | |a 330.9 | ||
| 082 | |b S979 | ||
| 245 | 0 | |a Switzerland ad her industries : | |
| 245 | 0 | |b With 2 maps and 36 photos | |
| 245 | 0 | |c Published by the Swiss office for the development of trade, Zurich and Lausanne | |
| 260 | |a Switzerland | ||
| 260 | |b Swiss Office for The Development of Trade Zurich and Lausanne | ||
| 260 | |c 1948 | ||
| 520 | |a This book introduce the facts about Switzerland and her Natinal economy. Switzerland's economic relations with world markets. What Switzerland produc. The tourist trade and ecducation. | ||
| 650 | |a Switzerland,Thụy sĩ | ||
| 650 | |x Eonomic conditions,Điều kiện kinh tế | ||
| 904 | |i Qhieu(sửa) | ||
| 910 | |b dqhieu | ||
| 980 | |a Trung tâm Học liệu Trường Đại học Cần Thơ | ||